Axis and Allies European Territories (Board Game) - Statistics

General Stats
  • This quiz has been taken 13 times
    12 since last reset
  • The average score is 11 of 24
Answer Stats
Region % Correct
France
100%
United Kingdom
100%
Germany
83%
Italy
83%
Norway
83%
Poland
83%
Finland
75%
Russia
75%
Turkey
75%
Sweden
67%
Iceland
50%
Switzerland
42%
Baltic States
25%
Northwestern Europe
25%
Bulgaria-Romania
17%
Caucasus
17%
Eire
17%
Ukraine S.S.R.
17%
Belorussia
8%
Gibraltar
8%
Karelia S.S.R.
8%
Southern Europe
8%
Spain-Portugal
8%
West Russia
0%
No matching quizzes found
Score Distribution
Percent of People with Each Score
Percentile by Number Answered
Your Score History
You have not taken this quiz since the last reset